000 00321nam a22001337a 4500
008 181226b xxu||||| |||| 00| 0 eng d
020 _a9780321542304
041 _aeng
080 _24th
_a510
100 _a36
101 _aMAT
245 _aCollege Algebra with Modeling & Visualization
_cRockswold,G
942 _2udc
_cBK
999 _c53767
_d53767